Регионална библиотека "Любен Каравелов" - Русе

Фундаментализмът (Запис номер 55597)

MARC детайли
000 -Лидер
Контролно поле с фиксирана дължина 01786nam a2200397 c 4500
003 - Код на организацията, давaща контролен номер
Контролно поле BLK
005 - Дата и час на последна редакция
Контролно поле 20201203162957.0
008 - Елементи от данни с фиксирана дължина
fixed length control field 180408b bul|||||r ||||||| ||bul||
010 ## - Наследен системен номер
LC control number KNG00059565000
020 ## - Международен стандартен номер на книга ISBN
Международен стандартен номер на книга ISBN 954-739-707-9
040 ## - Източник на каталожния запис
Идентификатор на билиотеката - собственик на записа BLK
041 ## - Код за език
Код за езика на текст/звукозапис или на отделно заглавие Български
Код за езика КДБФ Български
080 ## - УДК
Текстов определител УДК Теория и философия на религията. Същност на религията. Явлението религия
УДК код - определител по УДК 2-1
УДК - код + определител 2-1
080 ## - УДК
Текстов определител УДК Християнски църкви и деноминации
УДК код - определител по УДК 271/279
УДК - код + определител 271/279
080 ## - УДК
Текстов определител УДК Партии и движения с религиозно схващане
УДК код - определител по УДК 329.3
УДК определител :2
УДК - код + определител 329.3:2
100 1# - Редна дума - Автор
Автор Рутвен, Мализ
Авторска отговорност първи автор
R(LIN) 117874
139 ## - Редно поле
Редна дума Рутвен, Мализ
Авторски знак Русо - Р 96
245 10 - Сведения за заглавието
Заглавие Фундаментализмът
Подзаглавни данни В търсене на смисъла
Редно поле (дума) Мализ Рутвен; прев. от англ. Христо Атанасов.
257 ## - Страна на издаване
Страна на създаване/издаване Съединени американски щати
260 ## - Област на издателските данни
Име на издателя, разпространителя и проч. Захарий Стоянов
Година на издаване 2006
Печатница София : УИ Св. Кл. Охридски
300 ## - Физическа характеристика
Страници 287 с.
Размери/Мащаб 17 см
380 ## - Жанр
Жанр Религия. Теология
490 1# - СЕРИИ (Колекции)
Име на серия Поредица История и човек
500 ## - Общи забележки
Забележка Без сведение за ориг. загл. - Офс. изд. - Библиогр. с. 281-286
504 ## - Забележка за наличие на библиография и др
Забележка за наличие на библиография и под. 281-286
650 #4 - Допълнително описание по предмет – тема
Основно описание – тема или топоним Фанатизъм, религиозен
9 (RLIN) 175140
650 #4 - Допълнително описание по предмет – тема
Основно описание – тема или топоним Фундаментализъм
9 (RLIN) 176220
653 ## - Ключова дума – ненормативна
Ключова дума фундаментализъм
653 ## - Ключова дума – ненормативна
Ключова дума религиозен фанатизъм
700 1# - Други автори (авторска отговорност)
Лично име Атанасов, Христо
Автороска отговорност (Описва отношението между автора и произведението) прев. от англ.
9 (RLIN) 369169
852 ## - Местоположение
Форматна сигнатура Цб І 32017
856 4# - Електронен адрес и достъп
Електронен формат pdf - файл
856 4# - Електронен адрес и достъп
Електронен формат pdf - файл
999 ## - СИСТЕМНИ КОНТРОЛНИ НОМЕРА
Koha biblionumber 55597
Koha biblioitemnumber 55597
942 ## - АРТИКУЛИ
Вид на библиотечния материал Книги
Скрит в OPAC Не
Koha issues (borrowed), all copies 1
Периодичен библиозапис Да
944 ## - СЪЗДАВАНЕ И РЕДАКЦИЯ на ЗАПИСА
Създаване/Редакция Създаване
Дата на регистрацията/редакция 25.05.2006
Служител, извършил регистрацията/редакцията Людмила_Стоянова
944 ## - СЪЗДАВАНЕ И РЕДАКЦИЯ на ЗАПИСА
Създаване/Редакция Редакция
Дата на регистрацията/редакция 07.01.2008
999 ## - СИСТЕМНИ КОНТРОЛНИ НОМЕРА
Koha biblioitemnumber 55597
Наличности
Код за отписване Код за изгубен артикул Код за повреда Коз за рестрикции Код за отдаване Артикулен № Име на библиотеката - собственик Име на библиотеката, в която се намира в момента Статус (Текущо местоположение) Дата на вписване в системата Местоположение - отдел Цена в лева Инвентарен номер Систематично азбучна сигнатура Баркод Номер на екземпляра Цена в евро Служебна бележка Служебен тип на артикула
  Не е изгубен Не е повреден без рестрикции заемане за дома 87498 Регионална библиотека "Любен Каравелов" Русе Регионална библиотека "Любен Каравелов" Русе Заемна - подръчен фонд 2006-05-25 Заемна - подръчен фонд 6.00 120000702415 П 29/Р 96 120000702415 1 3.07 Дост: Pk Вид: Ф N: 40915 Дата: 22.05.2006 Дата инв: 02.02.2018 Бележки инв: П2018 Книги
  Не е изгубен Не е повреден без рестрикции ползва се в читалня 87499 Регионална библиотека "Любен Каравелов" Русе Регионална библиотека "Любен Каравелов" Русе Хранилище 2007-04-24 Хранилище 6.00 120000712786 Цб І 32017 120000712786 2 3.07 Дост: Dp Вид: Д N: 43 Дата: 27.09.2006 Книги
Изтеглен Не е изгубен Не е повреден без рестрикции заемане за дома 87500 Регионална библиотека "Любен Каравелов" Русе Регионална библиотека "Любен Каравелов" Русе Заемна - подръчен фонд 2007-12-20 Заемна - подръчен фонд 3.50 120000721250 П 29/Р 96 120000721250 3 1.79 Дост: Pk Вид: Ф N: 13340 Дата: 17.12.2007 Дата инв: 02.02.2018 Бележки инв: П2018 Книги
Vip Innovations Ltd, Rousse, Bulgaria 2025